| 000 | 00809nas a2200265 4500 | ||
|---|---|---|---|
| 001 | BR0205710 | ||
| 003 | BR-BrBNA | ||
| 005 | 20231205103412.0 | ||
| 007 | ta | ||
| 008 | 230509b bl.|||p| |||| 00| 00por d | ||
| 040 |
_aBR-BrBNA _bpor _cBiblioteca Nacional de Agricultura |
||
| 041 | _a(En) | ||
| 072 | _aL73 | ||
| 100 | 1 | _aCassali, G.D. | |
| 100 | 1 | _aSerakides, R. | |
| 100 | 1 | _aGärtner, F. | |
| 100 | 1 | _aSchmitt, F.C. | |
| 245 | 1 | _aInvasive micropapillary carcinoma of the dog mammary gland. A case report | |
| 650 | _aCÃO | ||
| 650 | _aGLÂNDULA MAMÁRIA | ||
| 650 | _aCARCINOMA | ||
| 773 | 0 |
_tArquivo Brasileiro de Medicina Veterinária e Zootecnia (Brazil) _xISSN 0102-0935 _g(Aug 2002), v. 54(4) p. 366-399 _wBR0205710 |
|
| 909 |
_a202311 _bLúcia _c55 _dLúcia Elande |
||
| 942 |
_2AGRIS _n0 _cANA |
||
| 999 |
_c172668 _d172668 |
||